000 00442 a2200181 4500
001 138999
020 _a9788535926705
040 _cLeonardo Da Vinci
041 _aPortuguês
082 _a869.935 C331n
_bC331n
100 _aCARVALHO, Bernardo
245 _aNove noites
_bromance
260 _bCompanhia das Letras
_c2021
_aSão Paulo
300 _a171
362 _a20210000
697 _aLiteratura brasileira
_aRomance
942 _cBK
999 _c138999
_d138999